Tārīkh-i Zabān-i Fārsī, (Record no. 71387)

MARC details
000 -LEADER
fixed length control field 00659cam a22002171 4500
001 - CONTROL NUMBER
control field sa 66007753
003 - CONTROL NUMBER IDENTIFIER
control field DLC
005 - DATE AND TIME OF LATEST TRANSACTION
control field 20260227112307.0
008 - FIXED-LENGTH DATA ELEMENTS--GENERAL INFORMATION
fixed length control field 890803s1962 pk b 000 0 perr
010 ## - LIBRARY OF CONGRESS CONTROL NUMBER
LC control number sa 66007753
035 ## - SYSTEM CONTROL NUMBER
System control number (OCoLC)20124179
040 ## - CATALOGING SOURCE
Original cataloging agency DLC
Transcribing agency CU
Modifying agency CU
-- OCoLC
-- DLC
042 ## - AUTHENTICATION CODE
Authentication code premarc
050 00 - LIBRARY OF CONGRESS CALL NUMBER
Classification number PK6408
Item number .S37
100 1# - MAIN ENTRY--PERSONAL NAME
Personal name Sarwar, Ghulam.
245 10 - TITLE STATEMENT
Title Tārīkh-i Zabān-i Fārsī,
Remainder of title qismat-i nas̲r.
Statement of responsibility, etc. taʻlīf-i Ghulām Sawar.
260 ## - PUBLICATION, DISTRIBUTION, ETC.
Place of publication, distribution, etc. Karāchī,
Name of publisher, distributor, etc. Maktabih-ʼi Khurshīd-i Dirakhshān,
Date of publication, distribution, etc. 1962.
300 ## - PHYSICAL DESCRIPTION
Extent 264 p.
Dimensions 22 cm.
504 ## - BIBLIOGRAPHY, ETC. NOTE
Bibliography, etc. note Bibliography: p. 257-263.
650 #0 - SUBJECT ADDED ENTRY--TOPICAL TERM
Topical term or geographic name entry element Persian literature
General subdivision History and criticism.

No items available.

Powered by Koha